Zber, transformácia a manažovanie intenzity mienky a vágnych údajov v relačných databázach diplomová práca

Gespeichert in:
Bibliographische Detailangaben
1. Verfasser: Lazoňová, Aneta
Körperschaft: Fakulta hospodárskej informatiky EU. Katedra aplikovanej informatiky
Weitere Verfasser: Hudec, Miroslav, 1969-
Format: Buch
Sprache:Slowakisch
Veröffentlicht: Bratislava 2021
Tags: Tag hinzufügen
Keine Tags, Fügen Sie das erste Tag hinzu!

MARC

LEADER 00000nbm a2200000 4500
001 0276104
005 20220318124937.9
041 0 |a slo 
044 |a SK 
245 1 0 |a Zber, transformácia a manažovanie intenzity mienky a vágnych údajov v relačných databázach  |b diplomová práca  |c Aneta Lazoňová ; školiteľ: Miroslav Hudec 
264 1 |a Bratislava  |c 2021 
300 |a 71 s. 
100 1 |a Lazoňová, Aneta 
700 1 |a Hudec, Miroslav, 1969- 
710 2 |a Fakulta hospodárskej informatiky EU. Katedra aplikovanej informatiky